00917nam a22002177a 4500999001700000003000900017008004100026040007100067082001500138100003300153245005500186260003300241300005200274505015300326650003500479650003000514650003600544942001600580945000800596952009500604 c19793d19793AR-CdUCM190522b ||||| |||| 00| 0 spa d aMUNICIPALIDAD PROVINCIAL DEL CUSCOcBIBLIOTECA MUNICIPAL DEL CUSCO a361 /bG26 aGarcia Najarjo Morales, Aida aNosotras las mujeres del vaso de leche 1984-1994 / aLima :bElias Bittar,c1994. a294 páginas ;c23 cm.bImágenes, Gráficos aContenido : Una nueva mirada al Perú de hoy -- Situación nacional -- Situación de la población -- La gota de leche y el hogar de la madre... aSituación de la mujer915636 aProgramas sociales924277 aMadres del vaso de leche941397 2ddccLIBROS arcc 002ddc4070aSHbSHcCARTd2019-05-22g15.00o361 / G26pSH0000015134r2019-05-22yLIBROS